[Event "SVK-chT U18"]
[Site "Radava"]
[Date "2022.11.24"]
[Round "6.2"]
[White "Gay, Lukas"]
[Black "Tokarcik, Patrik"]
[Result "1/2-1/2"]
[WhiteElo "1608"]
[BlackElo "1685"]
[PlyCount "67"]
[EventDate "2022.11.21"]
[EventType "team-swiss"]
[EventRounds "7"]
[EventCountry "SVK"]
[SourceTitle "CBM 211 Extra"]
[Source "ChessBase"]
[SourceDate "2023.01.31"]
[SourceVersion "1"]
[SourceVersionDate "2023.01.31"]
[SourceQuality "1"]
[WhiteTeam "Kosice Reinter"]
[BlackTeam "Bardejov"]
[WhiteTeamCountry "SVK"]
[BlackTeamCountry "SVK"]

1. e4 e5 2. Nf3 Nc6 3. Bb5 Nf6 4. Bxc6 dxc6 5. d3 Bd6 6. Nbd2 Be6 7. b3 0-0 8. Bb2 Nd7 9. Qe2 Qe7 10. 0-0 f6 11. Rfe1 Ba3 12. Bxa3 Qxa3 13. Nf1 Nb6 14. Ne3 a5 15. Nh4 a4 16. Nhf5 Bxf5 17. exf5 Rfd8 18. f3 axb3 19. axb3 Qxa1 20. Rxa1 Rxa1+ 21. Kf2 Rda8 22. Kg3 R8a2 23. Qd2 Rb1 24. Qb4 Kf7 25. Qh4 h6 26. Qh5+ Kf8 27. Qg6 Nd5 28. Nxd5 cxd5 29. Qh7 Rxc2 30. Qh8+ Kf7 31. Qd8 Rbb2 32. Qd7+ Kf8 33. Qd8+ Kf7 34. Qd7+ 1/2-1/2

[Event "SVK-chT U18"]
[Site "Radava"]
[Date "2022.11.24"]
[Round "7.2"]
[White "Stevik, Patrik1111"]
[Black "Tokarcik, Patrik"]
[Result "1-0"]
[WhiteElo "2200"]
[BlackElo "1685"]
[PlyCount "57"]
[EventDate "2022.11.21"]
[EventType "team-swiss"]
[EventRounds "7"]
[EventCountry "SVK"]
[SourceTitle "CBM 211 Extra"]
[Source "ChessBase"]
[SourceDate "2023.01.31"]
[SourceVersion "1"]
[SourceVersionDate "2023.01.31"]
[SourceQuality "1"]
[WhiteTeam "Banska Bystrica Junior"]
[BlackTeam "Bardejov"]
[WhiteTeamCountry "SVK"]
[BlackTeamCountry "SVK"]

1. Nf3 d5 2. d4 Nf6 3. c4 e6 4. Bg5 Nbd7 5. Nc3 dxc4 6. e3 Bb4 7. Bxc4 Nb6 8. Bd3 Nbd5 9. Rc1 0-0 10. 0-0 Nxc3 11. bxc3 Bd6 12. e4 Be7 13. Qe2 Nh5 14. Bd2 Nf6 15. Bg5 Nh5 16. Bd2 Nf6 17. e5 Nd7 18. Qe4 f5 19. exf6 Nxf6 20. Qh4 h6 21. Qg3 g5 22. Bxg5 Nh5 23. Bxe7+ Nxg3 24. Bxd8 Nxf1 25. Bh4 Nxh2 26. Kxh2 Bd7 27. Ne5 Be8 28. f3 Kh8 29. Be7 1-0

[Event "SVK-chT U18"]
[Site "Radava"]
[Date "2022.11.23"]
[Round "4.2"]
[White "Tokarcik, Patrik"]
[Black "Piroska, Samuel"]
[Result "1-0"]
[WhiteElo "1685"]
[BlackElo "1285"]
[PlyCount "61"]
[EventDate "2022.11.21"]
[EventType "team-swiss"]
[EventRounds "7"]
[EventCountry "SVK"]
[SourceTitle "CBM 211 Extra"]
[Source "ChessBase"]
[SourceDate "2023.01.31"]
[SourceVersion "1"]
[SourceVersionDate "2023.01.31"]
[SourceQuality "1"]
[WhiteTeam "Bardejov"]
[BlackTeam "Nitra Chess Academy"]
[WhiteTeamCountry "SVK"]
[BlackTeamCountry "SVK"]

1. e4 c6 2. d4 d5 3. exd5 cxd5 4. Bd3 Nc6 5. c3 h6 6. Bf4 Nf6 7. Nf3 Bg4 8. Nbd2 e6 9. Qb3 Qc8 10. 0-0 Be7 11. Rfe1 0-0 12. h3 Bh5 13. Rac1 Rd8 14. g4 Bxg4 15. hxg4 Nxg4 16. Ne5 Ncxe5 17. Bxe5 Bh4 18. Bg3 Bxg3 19. fxg3 Qc7 20. Kg2 e5 21. Bf5 Nf6 22. dxe5 Ne4 23. Bxe4 dxe4 24. Nc4 Qc6 25. Re3 Rd3 26. Rce1 Rxe3 27. Rxe3 Rd8 28. Nd6 Rd7 29. Kf2 Qc5 30. Qc4 Qxc4 31. Nxc4 1-0

[Event "SVK-ch U16"]
[Site "Stara Lubovna"]
[Date "2022.05.28"]
[Round "9"]
[White "Tokarcik, Patrik"]
[Black "Klimek, Martin1111"]
[Result "1-0"]
[WhiteElo "1591"]
[BlackElo "1418"]
[PlyCount "59"]
[EventDate "2022.05.21"]
[EventType "swiss"]
[EventRounds "9"]
[EventCountry "SVK"]
[SourceTitle "CBM 208 Extra"]
[Source "ChessBase"]
[SourceDate "2022.07.31"]
[SourceVersion "1"]
[SourceVersionDate "2022.07.31"]
[SourceQuality "1"]

1. e4 d5 2. exd5 Nf6 3. Nf3 Nxd5 4. d4 Bg4 5. c3 e6 6. Be2 Be7 7. 0-0 0-0 8. Be3 c5 9. Nbd2 Nxe3 10. fxe3 cxd4 11. exd4 Qb6 12. Nc4 Qc7 13. Ne3 Bh5 14. Bd3 Nd7 15. Qc2 Qf4 16. Nc4 Qh6 17. Rae1 Bg6 18. Bxg6 Qxg6 19. Qxg6 hxg6 20. Nfe5 Nf6 21. Re3 b5 22. Na5 Nd5 23. Ref3 Nf6 24. Nac6 Bd6 25. g4 g5 26. h4 gxh4 27. g5 Bxe5 28. Ne7+ Kh7 29. dxe5 Nd5 30. g6+ 1-0

[Event "SVK-ch U16"]
[Site "Stara Lubovna"]
[Date "2022.05.23"]
[Round "3"]
[White "Baron, Patrik"]
[Black "Tokarcik, Patrik"]
[Result "1/2-1/2"]
[WhiteElo "1740"]
[BlackElo "1591"]
[PlyCount "171"]
[EventDate "2022.05.21"]
[EventType "swiss"]
[EventRounds "9"]
[EventCountry "SVK"]
[SourceTitle "CBM 208 Extra"]
[Source "ChessBase"]
[SourceDate "2022.07.31"]
[SourceVersion "1"]
[SourceVersionDate "2022.07.31"]
[SourceQuality "1"]

1. e4 d6 2. d4 Nf6 3. Nc3 g6 4. Be3 Bg7 5. Qd2 h6 6. h3 c6 7. Nf3 Qc7 8. Bd3 Nbd7 9. 0-0 c5 10. Rad1 cxd4 11. Nxd4 Nc5 12. Rfe1 Nxd3 13. cxd3 a6 14. Rc1 Qd8 15. Rc2 e5 16. Nde2 Be6 17. Rec1 Rc8 18. d4 b5 19. d5 Bd7 20. a3 g5 21. f3 Nh5 22. Na2 Rxc2 23. Rxc2 Nf4 24. Nb4 Qa5 25. Nc6 Qxd2 26. Rxd2 0-0 27. Nb4 a5 28. Nc6 Bxc6 29. dxc6 Rc8 30. Nc3 Rxc6 31. Nxb5 Bf8 32. Ba7 f6 33. a4 Kf7 34. Bb8 Ke6 35. Bc7 Ra6 36. Kf2 Kd7 37. Bb8 Rc6 38. Kg3 h5 39. b3 Ne6 40. Ba7 Be7 41. Na3 Bd8 42. Nc4 Bc7 43. Be3 Ke7 44. Rd5 Ra6 45. Rb5 Kd7 46. Nb6+ Kc6 47. Nd5 Bd8 48. Kf2 Nc7 49. Nxc7 Bxc7 50. Ke2 Ra8 51. Kd3 Rg8 52. g4 Rh8 53. Bd2 hxg4 54. hxg4 Ra8 55. Kc4 Bb6 56. Bc3 Bc7 57. b4 axb4 58. Kxb4 Bb6 59. Kb3 Bc5 60. Bb4 Bd4 61. Rd5 Bc5 62. Bxc5 dxc5 63. Rd1 Rb8+ 64. Kc2 c4 65. Kc3 Rb3+ 66. Kxc4 Rxf3 67. Ra1 Rf4 68. Kd3 Rxg4 69. a5 Kb7 70. a6+ Ka7 71. Ke3 Rf4 72. Ra4 g4 73. Ra2 Rf3+ 74. Ke2 Rb3 75. Kf2 Rb4 76. Re2 Kxa6 77. Kg3 Kb5 78. Kxg4 Kc4 79. Kf5 Kd3 80. Re1 Kd2 81. Rh1 Kd3 82. Rh3+ Kd2 83. Kxf6 Rxe4 84. Rh5 Re2 85. Rxe5 Rxe5 86. Kxe5 1/2-1/2

[Event "SVK-ch U16"]
[Site "Stara Lubovna"]
[Date "2022.05.21"]
[Round "1"]
[White "Tokarcik, Patrik"]
[Black "Lovcican, Tomas"]
[Result "0-1"]
[WhiteElo "1591"]
[BlackElo "2024"]
[PlyCount "62"]
[EventDate "2022.05.21"]
[EventType "swiss"]
[EventRounds "9"]
[EventCountry "SVK"]
[SourceTitle "CBM 208 Extra"]
[Source "ChessBase"]
[SourceDate "2022.07.31"]
[SourceVersion "1"]
[SourceVersionDate "2022.07.31"]
[SourceQuality "1"]

1. e4 c5 2. Nf3 Nc6 3. d4 cxd4 4. Nxd4 Nf6 5. Nc3 d6 6. Be2 g6 7. Be3 Bg7 8. Qd2 Ng4 9. Bxg4 Bxg4 10. f3 Bd7 11. Nxc6 bxc6 12. Bh6 Bf6 13. Rd1 Qa5 14. f4 Qh5 15. Bg5 Bxg5 16. fxg5 h6 17. gxh6 Rxh6 18. Qf4 Rb8 19. b3 Rh7 20. Rd3 g5 21. Qf2 Rb7 22. h3 Qh4 23. Rf1 g4 24. Qxh4 Rxh4 25. Rg3 e5 26. hxg4 Bxg4 27. Rd3 Ke7 28. Rd2 Rb8 29. Rff2 Rh1+ 30. Rf1 Rxf1+ 31. Kxf1 Bh3 0-1

[Event "SVK-ch U16"]
[Site "Stara Lubovna"]
[Date "2021.07.01"]
[Round "7"]
[White "Rajnicek, Adam"]
[Black "Tokarcik, Patrik"]
[Result "1/2-1/2"]
[WhiteElo "1490"]
[BlackElo "1450"]
[PlyCount "92"]
[EventDate "2021.06.26"]
[EventType "swiss"]
[EventRounds "9"]
[EventCountry "SVK"]
[SourceTitle "CBM 203 Extra"]
[Source "ChessBase"]
[SourceDate "2021.09.30"]
[SourceVersion "1"]
[SourceVersionDate "2021.09.30"]
[SourceQuality "1"]

1. d4 Nf6 2. Nf3 d5 3. Bg5 Bg4 4. e3 e6 5. h3 Bh5 6. c4 Bb4+ 7. Nc3 c6 8. a3 Ba5 9. Be2 dxc4 10. Bxc4 Nbd7 11. b4 Bc7 12. 0-0 Nb6 13. Be2 Qd6 14. Bf4 Qd7 15. Bxc7 Qxc7 16. Ne5 Bxe2 17. Qxe2 Nbd5 18. Rfc1 Nxc3 19. Rxc3 Nd5 20. Rc2 f6 21. Qh5+ Ke7 22. Qf7+ Kd8 23. Qxc7+ Kxc7 24. Nd3 a6 25. Rac1 Rhe8 26. a4 Kd6 27. e4 Nb6 28. a5 Nd7 29. Nc5 Nxc5 30. bxc5+ Kc7 31. Rb2 Red8 32. Rcb1 Rab8 33. Rb4 e5 34. Rd1 exd4 35. Rbxd4 Rxd4 36. Rxd4 Rd8 37. Rxd8 Kxd8 38. f4 Ke7 39. Kf2 Ke6 40. Ke3 g6 41. g4 g5 42. f5+ Ke5 43. Kd3 Kf4 44. Kd4 h6 45. Kd3 Kf3 46. Kd4 Kf4 1/2-1/2

[Event "SVK-ch U16"]
[Site "Stara Lubovna"]
[Date "2021.06.28"]
[Round "3"]
[White "Orgon, Patrik"]
[Black "Tokarcik, Patrik"]
[Result "1-0"]
[WhiteElo "1666"]
[BlackElo "1450"]
[PlyCount "89"]
[EventDate "2021.06.26"]
[EventType "swiss"]
[EventRounds "9"]
[EventCountry "SVK"]
[SourceTitle "CBM 203 Extra"]
[Source "ChessBase"]
[SourceDate "2021.09.30"]
[SourceVersion "1"]
[SourceVersionDate "2021.09.30"]
[SourceQuality "1"]

1. d4 d5 2. Nf3 Nf6 3. e3 Bg4 4. Bd3 e6 5. 0-0 Bd6 6. Nbd2 0-0 7. b3 Nbd7 8. Bb2 c5 9. c4 cxd4 10. exd4 Qc7 11. Qc2 b6 12. Rae1 Bb4 13. Ne5 Bh5 14. f4 Nxe5 15. fxe5 Ne4 16. Bxe4 dxe4 17. a3 Bxd2 18. Qxd2 Bg6 19. Rc1 Rfd8 20. Qe3 Qe7 21. c5 b5 22. b4 a6 23. Rf2 Rac8 24. Ra1 Qd7 25. h3 h6 26. g4 Qc6 27. h4 h5 28. Rg2 Kh7 29. gxh5 Bxh5 30. Qg5 g6 31. Bc1 Rh8 32. Qf6 Qd7 33. Be3 Rcf8 34. Rc1 Qc7 35. c6 Qd8 36. Qxd8 Rxd8 37. c7 Rc8 38. Rgc2 Rhe8 39. Bg5 Bg4 40. Kf2 Bf5 41. Ke3 Kg7 42. Rc6 Kh7 43. Rxa6 Ra8 44. Rxa8 Rxa8 45. c8Q 1-0

[Event "SVK-ch U14"]
[Site "Lubovna"]
[Date "2020.08.20"]
[Round "7"]
[White "Tokarcik, Patrik"]
[Black "Rajnicek, Adam"]
[Result "1/2-1/2"]
[WhiteElo "1499"]
[BlackElo "1457"]
[PlyCount "46"]
[EventDate "2020.08.15"]
[EventType "swiss"]
[EventRounds "9"]
[EventCountry "SVK"]
[SourceTitle "EXT 2021"]
[Source "ChessBase"]
[SourceDate "2020.10.23"]
[SourceVersion "1"]
[SourceVersionDate "2020.10.23"]
[SourceQuality "1"]

1. e4 d5 2. exd5 Qxd5 3. Nc3 Qa5 4. Nf3 Nf6 5. Be2 Bg4 6. 0-0 e6 7. d3 Nbd7 8. a3 c6 9. Be3 Bd6 10. h3 Bxf3 11. Bxf3 0-0 12. Qd2 Nd5 13. Nxd5 Qxd2 14. Ne7+ Bxe7 15. Bxd2 Bd6 16. Bc3 Be5 17. Bxe5 Nxe5 18. Bh5 g6 19. Be2 Rfd8 20. Rfe1 Nd7 21. Bf3 Nf6 22. Rac1 Nd5 23. Bxd5 Rxd5 1/2-1/2

[Event "SVK-ch U14"]
[Site "Lubovna"]
[Date "2020.08.17"]
[Round "4"]
[White "Tokarcik, Patrik"]
[Black "Kapral, Roland"]
[Result "1-0"]
[WhiteElo "1499"]
[BlackElo "1067"]
[PlyCount "73"]
[EventDate "2020.08.15"]
[EventType "swiss"]
[EventRounds "9"]
[EventCountry "SVK"]
[SourceTitle "EXT 2021"]
[Source "ChessBase"]
[SourceDate "2020.10.23"]
[SourceVersion "1"]
[SourceVersionDate "2020.10.23"]
[SourceQuality "1"]

1. e4 c5 2. Nf3 e6 3. d4 cxd4 4. Nxd4 Qc7 5. Nc3 a6 6. Be2 b5 7. Be3 Bb7 8. f3 Nf6 9. Qd2 Nc6 10. Nb3 Bd6 11. g3 0-0 12. Bc5 Be7 13. Bxe7 Nxe7 14. 0-0-0 Rfd8 15. Qd6 Qxd6 16. Rxd6 Nc8 17. Rd2 Nb6 18. Na5 Bc8 19. Nc6 Re8 20. Nd4 b4 21. Nd1 d5 22. e5 Nfd7 23. f4 Bb7 24. Nb3 Nc4 25. Rd4 a5 26. Re1 Ndb6 27. Nd2 Rec8 28. Nxc4 Nxc4 29. Bxc4 Rxc4 30. Rxc4 dxc4 31. c3 Bd5 32. Ne3 Rd8 33. Rd1 Kf8 34. Nxc4 Ke7 35. Nxa5 bxc3 36. bxc3 Bxa2 37. Nc6+ 1-0

[Event "SVK-ch U14"]
[Site "Lubovna"]
[Date "2020.08.16"]
[Round "2"]
[White "Tokarcik, Patrik"]
[Black "Novysedlak, Samuel"]
[Result "1/2-1/2"]
[WhiteElo "1499"]
[BlackElo "1000"]
[PlyCount "74"]
[EventDate "2020.08.15"]
[EventType "swiss"]
[EventRounds "9"]
[EventCountry "SVK"]
[SourceTitle "EXT 2021"]
[Source "ChessBase"]
[SourceDate "2020.10.23"]
[SourceVersion "1"]
[SourceVersionDate "2020.10.23"]
[SourceQuality "1"]

1. e4 e5 2. Nf3 Nc6 3. Bc4 Nf6 4. d3 Be7 5. Bg5 0-0 6. 0-0 d6 7. Nbd2 Bg4 8. c3 h6 9. Be3 d5 10. exd5 Nxd5 11. Qc2 Nxe3 12. fxe3 Bxf3 13. Rxf3 Bg5 14. Ne4 a6 15. Raf1 Be7 16. Rxf7 Rxf7 17. Bxf7+ Kh8 18. d4 exd4 19. exd4 Qd7 20. Bb3 Na5 21. Rf3 Nxb3 22. Qxb3 c6 23. Qc2 Qd5 24. b3 Re8 25. Ng3 c5 26. Qf5 Qc6 27. d5 Qc7 28. Qe6 c4 29. Kh1 cxb3 30. axb3 b6 31. Nf5 Qd8 32. Qg6 Bf6 33. h3 Re1+ 34. Kh2 Qxd5 35. c4 Qe6 36. Qg4 Be5+ 37. Ng3 Bxg3+ 1/2-1/2

[Event "EU-ch U14"]
[Site "Bratislava"]
[Date "2019.08.09"]
[Round "8"]
[White "Tokarcik, Patrik"]
[Black "Kulmala, Viktor"]
[Result "1-0"]
[WhiteElo "1495"]
[BlackElo "1040"]
[PlyCount "133"]
[EventDate "2019.08.02"]
[EventType "swiss"]
[EventRounds "9"]
[EventCountry "SVK"]
[SourceTitle "EXT 2020"]
[Source "ChessBase"]
[SourceDate "2019.10.17"]
[SourceVersion "1"]
[SourceVersionDate "2019.10.17"]
[SourceQuality "1"]

1. e4 g6 2. d4 Bg7 3. Nf3 d6 4. Nc3 Nf6 5. Be3 Nbd7 6. h3 e5 7. dxe5 dxe5 8. Qd2 0-0 9. 0-0-0 c6 10. Nxe5 Qa5 11. Nc4 Qc7 12. Bf4 Qd8 13. Bd6 Re8 14. e5 Nd5 15. Nxd5 cxd5 16. Qxd5 Nb6 17. Qf3 Be6 18. Qf4 Nd5 19. Qe4 b5 20. Ne3 Nxe3 21. Qxe3 Qh4 22. g3 Qa4 23. Qa3 Bxa2 24. Bxb5 Qxb5 25. Qxa2 Bxe5 26. Bxe5 Qxe5 27. Rd7 Re7 28. Rd2 Qg5 29. Qd5 Qxd5 30. Rxd5 Re2 31. Rd2 Re7 32. Rhd1 Kg7 33. Rd8 Rxd8 34. Rxd8 a5 35. b3 Re2 36. Rd2 Re5 37. Kb2 Kf6 38. Ka3 Ke6 39. Ka4 f5 40. c4 h5 41. Rd5 Rxd5 42. cxd5+ Kxd5 43. Kxa5 Kc6 44. b4 g5 45. b5+ Kb7 46. b6 Kc6 47. Ka6 h4 48. b7 hxg3 49. fxg3 f4 50. gxf4 g4 51. hxg4 Kd5 52. b8Q Ke4 53. Qe5+ Kd3 54. Kb5 Kd2 55. Qe4 Kc3 56. Qc4+ Kd2 57. Qb3 Ke2 58. Qc3 Kf2 59. Qd3 Kg2 60. Qe3 Kh2 61. Qf3 Kg1 62. Qe2 Kh1 63. Kc4 Kg1 64. Kd3 Kh1 65. Ke3 Kg1 66. Kf3 Kh1 67. Qg2# 1-0

[Event "EU-ch U14"]
[Site "Bratislava"]
[Date "2019.08.05"]
[Round "4"]
[White "Tokarcik, Patrik"]
[Black "Andjelic, Djordje"]
[Result "0-1"]
[WhiteElo "1495"]
[BlackElo "1787"]
[PlyCount "76"]
[EventDate "2019.08.02"]
[EventType "swiss"]
[EventRounds "9"]
[EventCountry "SVK"]
[SourceTitle "EXT 2020"]
[Source "ChessBase"]
[SourceDate "2019.10.17"]
[SourceVersion "1"]
[SourceVersionDate "2019.10.17"]
[SourceQuality "1"]

1. e4 c5 2. Nf3 Nc6 3. d4 cxd4 4. Nxd4 Nf6 5. Nc3 e5 6. Ndb5 d6 7. Bg5 a6 8. Na3 b5 9. Bxf6 gxf6 10. Nd5 f5 11. c3 Bg7 12. exf5 Bxf5 13. Nc2 0-0 14. Nce3 Be6 15. Bd3 f5 16. 0-0 Ne7 17. Nxe7+ Qxe7 18. f4 e4 19. Bc2 d5 20. Qd2 Rad8 21. Kh1 d4 22. cxd4 Bxd4 23. Bd1 Qc5 24. Re1 Rd7 25. Qf2 Rfd8 26. Bh5 Qb6 27. a3 a5 28. Rac1 Bc5 29. Rc2 Bxe3 30. Qg3+ Kh8 31. Rxe3 Rd3 32. Rxd3 exd3 33. Rd2 Qd4 34. Qg5 Rc8 35. Bd1 Rg8 36. Qe7 Qe3 37. Qf6+ Rg7 38. Qc3 Qe1# 0-1

[Event "SVK-ch U14"]
[Site "Liptovsky Mikulas"]
[Date "2019.04.30"]
[Round "9"]
[White "Tokarcik, Patrik"]
[Black "Turis, Ondrej"]
[Result "1-0"]
[WhiteElo "1422"]
[BlackElo "1273"]
[PlyCount "151"]
[EventDate "2019.04.23"]
[EventType "swiss"]
[EventRounds "9"]
[EventCountry "SVK"]
[SourceTitle "CBM 190 Extra"]
[Source "ChessBase"]
[SourceDate "2019.07.15"]
[SourceVersion "1"]
[SourceVersionDate "2019.07.15"]
[SourceQuality "1"]

1. e4 e5 2. Nf3 Nc6 3. Bb5 a6 4. Ba4 Nf6 5. 0-0 Nxe4 6. Re1 Nc5 7. Bxc6 dxc6 8. Nxe5 Ne6 9. d3 Be7 10. Nd2 0-0 11. Nf1 Bc5 12. Ng3 Nd4 13. c3 Nf5 14. Ne4 Be7 15. d4 Re8 16. Qb3 Qd5 17. Bf4 Bh4 18. Nd2 Qxb3 19. Nxb3 Be6 20. Nf3 Rac8 21. g4 Bd5 22. Rxe8+ Rxe8 23. Ne5 Nd6 24. Nd2 f6 25. Nef3 Re2 26. Nxh4 g5 27. Bxg5 fxg5 28. Nhf3 Nf7 29. b3 Kg7 30. h3 Kg6 31. c4 Bxf3 32. Nxf3 h5 33. Re1 Rxa2 34. Re6+ Kg7 35. gxh5 Rb2 36. Rg6+ Kh7 37. Nxg5+ Nxg5 38. Rxg5 Kh6 39. Re5 Rxb3 40. Kg2 a5 41. Rxa5 b5 42. Ra6 Kxh5 43. Rxc6 bxc4 44. Rxc4 Rd3 45. Rxc7 Rxd4 46. f3 Kh4 47. Rh7+ Kg5 48. Kg3 Ra4 49. Rb7 Rc4 50. Rb5+ Kf6 51. h4 Kg6 52. Rg5+ Kh6 53. Rg4 Rc5 54. f4 Rc3+ 55. Kh2 Kh5 56. Rg3 Rc2+ 57. Kh3 Rc4 58. Rg5+ Kh6 59. Kg4 Ra4 60. h5 Ra6 61. Kh4 Rb6 62. f5 Rb1 63. Rg6+ Kh7 64. Ra6 Rh1+ 65. Kg5 Rg1+ 66. Kf6 Re1 67. Ra8 Re2 68. Kf7 Re1 69. f6 Re2 70. Rg8 Re1 71. Rg7+ Kh8 72. h6 Re7+ 73. Kg6 Re1 74. Rh7+ Kg8 75. f7+ Kf8 76. Rh8+ 1-0

[Event "SVK-ch U14"]
[Site "Liptovsky Mikulas"]
[Date "2019.04.26"]
[Round "5"]
[White "Bidulsky, Matej"]
[Black "Tokarcik, Patrik"]
[Result "1-0"]
[WhiteElo "1639"]
[BlackElo "1422"]
[PlyCount "57"]
[EventDate "2019.04.23"]
[EventType "swiss"]
[EventRounds "9"]
[EventCountry "SVK"]
[SourceTitle "CBM 190 Extra"]
[Source "ChessBase"]
[SourceDate "2019.07.15"]
[SourceVersion "1"]
[SourceVersionDate "2019.07.15"]
[SourceQuality "1"]

1. e4 d6 2. Bc4 Nf6 3. d3 g6 4. Nc3 Bg7 5. Be3 e5 6. Qd2 Nbd7 7. Nf3 c6 8. Ng5 0-0 9. f3 Nb6 10. Bxf7+ Rxf7 11. Nxf7 Kxf7 12. Bg5 Be6 13. g4 d5 14. h4 dxe4 15. Nxe4 Nxe4 16. fxe4 Bf6 17. Rf1 Nd7 18. Bxf6 Nxf6 19. g5 Qb6 20. Rxf6+ Ke7 21. 0-0-0 Rd8 22. Qc3 Qe3+ 23. Kb1 Qg3 24. Qb4+ Rd6 25. Qxb7+ Bd7 26. Rdf1 Rxf6 27. gxf6+ Ke6 28. f7 Qg2 29. f8N+ 1-0

[Event "SVK-ch U14"]
[Site "Liptovsky Mikulas"]
[Date "2019.04.25"]
[Round "4"]
[White "Tokarcik, Patrik"]
[Black "Zacik, Tibor Gregor"]
[Result "1-0"]
[WhiteElo "1422"]
[BlackElo "1258"]
[PlyCount "35"]
[EventDate "2019.04.23"]
[EventType "swiss"]
[EventRounds "9"]
[EventCountry "SVK"]
[SourceTitle "CBM 190 Extra"]
[Source "ChessBase"]
[SourceDate "2019.07.15"]
[SourceVersion "1"]
[SourceVersionDate "2019.07.15"]
[SourceQuality "1"]

1. e4 e6 2. d4 d5 3. exd5 exd5 4. Nf3 Bd6 5. Be3 Nc6 6. Bd3 Bg4 7. Nbd2 Qf6 8. 0-0 h6 9. c3 0-0-0 10. b4 Nge7 11. Qa4 a6 12. b5 axb5 13. Bxb5 Kd7 14. Rfe1 Bf4 15. Ne5+ Bxe5 16. dxe5 Qxe5 17. Bc5 Qxc3 18. Qxg4+ 1-0

[Event "SVK-ch U12"]
[Site "Liptovsky Mikulas"]
[Date "2018.04.26"]
[Round "8"]
[White "Hyros, Samuel"]
[Black "Tokarcik, Patrik"]
[Result "1/2-1/2"]
[WhiteElo "1157"]
[BlackElo "1399"]
[PlyCount "35"]
[EventDate "2018.04.21"]
[EventType "swiss"]
[EventRounds "9"]
[EventCountry "SVK"]
[SourceTitle "CBM 184 Extra"]
[Source "ChessBase"]
[SourceDate "2018.06.28"]
[SourceVersion "1"]
[SourceVersionDate "2018.06.28"]
[SourceQuality "1"]

1. Nf3 Nf6 2. g3 d5 3. Bg2 c6 4. 0-0 Bg4 5. h3 Bxf3 6. Bxf3 e6 7. Bg2 Nbd7 8. d4 Bd6 9. Nd2 0-0 10. b3 e5 11. Bb2 e4 12. e3 Qc7 13. Qe2 Rfe8 14. Rfc1 Rac8 15. c4 Qb8 16. c5 Bc7 17. b4 a6 18. a4 1/2-1/2

[Event "EU Union-ch U12"]
[Site "Kouty nad Desnou"]
[Date "2017.08.20"]
[Round "2"]
[White "Stastna, Martina"]
[Black "Tokarcik, Patrik"]
[Result "1-0"]
[WhiteElo "1482"]
[BlackElo "1323"]
[PlyCount "93"]
[EventDate "2017.08.19"]
[EventType "swiss"]
[EventRounds "9"]
[EventCountry "CZE"]
[SourceTitle "CBM 180 Extra"]
[Source "ChessBase"]
[SourceDate "2017.10.06"]
[SourceVersion "1"]
[SourceVersionDate "2017.10.06"]
[SourceQuality "1"]

1. e4 d6 2. d4 Nf6 3. Nd2 g6 4. Bd3 Bg7 5. Ngf3 0-0 6. 0-0 Bg4 7. h3 Bxf3 8. Nxf3 Nbd7 9. Bf4 c5 10. c3 Qb6 11. Qe2 Nh5 12. Be3 Qc7 13. Rac1 Rfe8 14. Qc2 e5 15. Bc4 Rac8 16. Qb3 Rf8 17. Rfe1 Nb6 18. Bf1 Nd7 19. Bb5 a6 20. Bxd7 Qxd7 21. Qd5 Nf6 22. Qb3 Nxe4 23. dxe5 dxe5 24. Rcd1 Qc6 25. Rd5 c4 26. Qd1 Rfe8 27. Bc1 f5 28. Nh2 Qb6 29. Rf1 Ng3 30. Be3 Qxb2 31. fxg3 Qxc3 32. Bf2 Qb2 33. Rd2 Qa3 34. Rc2 e4 35. Qd5+ Kh8 36. Bd4 Red8 37. Bxg7+ Kxg7 38. Qe5+ Kf8 39. Qh8+ Kf7 40. Qxh7+ Kf6 41. Ng4+ Ke6 42. Qxg6+ Ke7 43. Qf6+ Ke8 44. Rxf5 Rd1+ 45. Kh2 c3 46. Qe6+ Qe7 47. Qxc8+ 1-0

[Event "SVK-ch U12"]
[Site "Liptovsky Mikulas"]
[Date "2017.04.25"]
[Round "6"]
[White "Gulas, Gabriel"]
[Black "Tokarcik, Patrik"]
[Result "1-0"]
[WhiteElo "1582"]
[BlackElo "1361"]
[PlyCount "55"]
[EventDate "2017.04.22"]
[EventType "swiss"]
[EventRounds "9"]
[EventCountry "SVK"]
[SourceTitle "CBM 178 Extra"]
[Source "ChessBase"]
[SourceDate "2017.06.22"]
[SourceVersion "1"]
[SourceVersionDate "2017.06.22"]
[SourceQuality "1"]

1. e4 e5 2. Nf3 Nc6 3. d4 exd4 4. Bc4 Bb4+ 5. c3 dxc3 6. bxc3 Be7 7. Qd5 Nh6 8. Bxh6 0-0 9. Bf4 d6 10. Qh5 Be6 11. Bxe6 fxe6 12. Bg5 d5 13. Bxe7 Nxe7 14. Ng5 h6 15. Nxe6 Qd6 16. Nxf8 Rxf8 17. exd5 Nxd5 18. 0-0 Qc6 19. Re1 Nf4 20. Qf3 Nd5 21. Qe4 Kh8 22. c4 Qf6 23. Na3 Qxf2+ 24. Kh1 Nf4 25. Rf1 Qb2 26. Nc2 Qf6 27. g3 Qd6 28. gxf4 1-0

[Event "SVK-ch U10"]
[Site "Liptovsky Mikulas"]
[Date "2016.04.23"]
[Round "9"]
[White "Balvan, Filip"]
[Black "Tokarcik, Patrik"]
[Result "1/2-1/2"]
[WhiteElo "1323"]
[BlackElo "1377"]
[PlyCount "51"]
[EventDate "2016.04.16"]
[EventType "swiss"]
[EventRounds "9"]
[EventCountry "SVK"]
[SourceTitle "CBM 172 Extra"]
[Source "ChessBase"]
[SourceDate "2016.06.21"]
[SourceVersion "1"]
[SourceVersionDate "2016.06.21"]
[SourceQuality "1"]

1. e4 e5 2. Nc3 Nf6 3. f4 d5 4. fxe5 Nxe4 5. d3 Nxc3 6. bxc3 Be7 7. Nf3 0-0 8. Be2 Bg4 9. 0-0 Nd7 10. Bf4 f6 11. Nd4 Bxe2 12. Qxe2 Bc5 13. exf6 Nxf6 14. Kh1 Re8 15. Qd2 Qd7 16. Bh6 Ng4 17. Bf4 Bd6 18. Rf3 Rf8 19. Raf1 Rae8 20. Bxd6 Qxd6 21. Rxf8+ Rxf8 22. Rxf8+ Kxf8 23. Nf3 Qb6 24. Qf4+ Nf6 25. Qb4+ Qxb4 26. cxb4 1/2-1/2

[Event "SVK-ch U10"]
[Site "Liptovsky Mikulas"]
[Date "2016.04.20"]
[Round "6"]
[White "Tokarcik, Patrik"]
[Black "Motyciak, Tomas"]
[Result "1/2-1/2"]
[WhiteElo "1377"]
[BlackElo "1089"]
[PlyCount "69"]
[EventDate "2016.04.16"]
[EventType "swiss"]
[EventRounds "9"]
[EventCountry "SVK"]
[SourceTitle "CBM 172 Extra"]
[Source "ChessBase"]
[SourceDate "2016.06.21"]
[SourceVersion "1"]
[SourceVersionDate "2016.06.21"]
[SourceQuality "1"]

1. e4 e6 2. d4 d5 3. Nd2 c5 4. c3 Nc6 5. Ne2 Qb6 6. Qb3 Qxb3 7. axb3 cxd4 8. cxd4 Bb4 9. f3 Bd7 10. exd5 exd5 11. g3 Nf6 12. Bg2 0-0 13. 0-0 Rfe8 14. Rf2 Re7 15. f4 Rae8 16. Bf1 Bg4 17. Nc3 Nxd4 18. Rxa7 Nc6 19. Ra1 Bc5 20. h3 Bxf2+ 21. Kxf2 Bd7 22. Bg2 d4 23. Nb5 Re2+ 24. Kf1 Bf5 25. Nd6 R8e7 26. Nxf5 R7e6 27. Kg1 g6 28. Bxc6 bxc6 29. Nxd4 Re1+ 30. Nf1 Re7 31. f5 Rd7 32. Nf3 Red1 33. fxg6 fxg6 34. Ra8+ Kg7 35. Bg5 1/2-1/2